Statistiques concernant Vainqueur de l'ATP de Bucharest

Cliquez ici pour prendre le quiz!

Statistiques générales

  • Ce quiz a été pris 3 fois
  • Le résultat moyen est 13 sur 24

Statistiques - réponses

AnnéeVainqueur% Correct
2002Ferrer
100%
2012Simon
100%
2008Simon
100%
2007Simon
100%
2004Acasuso
67%
2010Chela
67%
2001El Aynaoui
67%
2009Montanes
67%
2005Serra
67%
2016Verdasco
67%
2000Balcells
33%
1996Berasategui
33%
1998Clavet
33%
1994Davin
33%
2014Dimitrov
33%
1997Fromberg
33%
2015Garcia-Lopez
33%
1993Ivanisevic
33%
1999Martin
33%
2011Mayer
33%
2006Melzer
33%
1995Muster
33%
2013Rosol
33%
2003Sanchez
33%

Distribution des résultats

Percentile par nombre de réponses

% des personnes avec chaque résultat

Votre développement - résultats

Vous n’avez pas pris ce quiz